[Event "Aragon-chT Preferente"]
[Site "Aragon"]
[Date "2021.05.08"]
[Round "7.34"]
[White "Serrat Claver, David"]
[Black "Caballero Ortin, Jorge"]
[Result "0-1"]
[WhiteElo "1898"]
[BlackElo "1677"]
[PlyCount "80"]
[EventDate "2021.03.13"]
[EventType "team-tourn"]
[EventRounds "9"]
[EventCountry "ESP"]
[SourceTitle "EXT 2024"]
[Source "ChessBase"]
[SourceDate "2023.10.10"]
[SourceVersion "1"]
[SourceVersionDate "2023.10.10"]
[SourceQuality "1"]
[WhiteTeam "Agrupacion II"]
[BlackTeam "Palacio de Pioneros III"]
[WhiteTeamCountry "ESP"]
[BlackTeamCountry "ESP"]

1. e4 e6 2. d4 d5 3. Bd3 dxe4 4. Bxe4 Nf6 5. Bf3 c5 6. Ne2 e5 7. dxe5 Qxd1+ 8. Kxd1 Ng4 9. Bxg4 Bxg4 10. Nbc3 Nc6 11. Bf4 0-0-0+ 12. Kc1 Re8 13. f3 Bd7 14. b3 Nxe5 15. Kb2 h6 16. Rad1 g5 17. Bg3 Bg7 18. Kb1 Bc6 19. Rhe1 Rd8 20. Kc1 Rxd1+ 21. Nxd1 Re8 22. Bf2 Bxf3 23. Ng3 Bxg2 24. Nf5 Bf8 25. Nde3 Bh3 26. Bg3 Nf3 27. Rd1 Nd4 28. Nxd4 cxd4 29. Nc4 Rd8 30. Be5 Rd5 31. Bxd4 b5 32. Ne3 Rd7 33. c3 f5 34. Rd2 f4 35. Nd1 Ba3+ 36. Kb1 Bc5 37. Nf2 Bf5+ 38. Kc1 Bxd4 39. cxd4 Re7 40. Kd1 h5 0-1

[Event "Aragon-chT Preferente"]
[Site "Aragon"]
[Date "2021.04.10"]
[Round "4.39"]
[White "Moreno Burillo, Marcos Antonio"]
[Black "Serrat Claver, David"]
[Result "0-1"]
[WhiteElo "1586"]
[BlackElo "1898"]
[PlyCount "46"]
[EventDate "2021.03.13"]
[EventType "team-tourn"]
[EventRounds "9"]
[EventCountry "ESP"]
[SourceTitle "EXT 2024"]
[Source "ChessBase"]
[SourceDate "2023.10.10"]
[SourceVersion "1"]
[SourceVersionDate "2023.10.10"]
[SourceQuality "1"]
[WhiteTeam "Delicias II"]
[BlackTeam "Agrupacion II"]
[WhiteTeamCountry "ESP"]
[BlackTeamCountry "ESP"]

1. d4 Nf6 2. Nf3 e6 3. Bg5 d5 4. e3 c5 5. c3 Nbd7 6. Nbd2 Qc7 7. Bd3 Bd6 8. 0-0 0-0 9. Rc1 b6 10. c4 Bb7 11. cxd5 exd5 12. Re1 Rfe8 13. Bb5 Ne4 14. Nxe4 dxe4 15. Ne5 Nxe5 16. Bxe8 Nd3 17. Ba4 Bxh2+ 18. Kf1 Ba6 19. Qe2 Qc8 20. Bb5 Bxb5 21. g4 Ba6 22. Kg2 Nf4+ 23. exf4 Bxf4 0-1

[Event "Aragon-chT Preferente"]
[Site "Aragon"]
[Date "2021.03.27"]
[Round "3.43"]
[White "Serrat Claver, David"]
[Black "Barranco Castillo, Jose Antonio"]
[Result "0-1"]
[WhiteElo "1898"]
[BlackElo "1588"]
[PlyCount "70"]
[EventDate "2021.03.13"]
[EventType "team-tourn"]
[EventRounds "9"]
[EventCountry "ESP"]
[SourceTitle "EXT 2024"]
[Source "ChessBase"]
[SourceDate "2023.10.10"]
[SourceVersion "1"]
[SourceVersionDate "2023.10.10"]
[SourceQuality "1"]
[WhiteTeam "Agrupacion II"]
[BlackTeam "IberCaja II"]
[WhiteTeamCountry "ESP"]
[BlackTeamCountry "ESP"]

1. e4 d6 2. d4 Nf6 3. Nc3 e5 4. Nf3 Nbd7 5. Bc4 Be7 6. 0-0 0-0 7. Re1 c6 8. a4 a5 9. Ba2 h6 10. h3 Re8 11. Qe2 exd4 12. Nxd4 Bf8 13. Bf4 Nc5 14. Qc4 Ne6 15. Be3 Qe7 16. Nf5 Qc7 17. Rad1 Nc5 18. Nxd6 Bxd6 19. Bxc5 Bh2+ 20. Kh1 Be6 21. Qd3 Bxa2 22. Nxa2 Rad8 23. Qf3 Rxd1 24. Rxd1 Be5 25. c3 b6 26. Be3 c5 27. Nc1 Qc6 28. Nd3 Qxe4 29. Qxe4 Nxe4 30. Nxe5 Rxe5 31. Rd8+ Kh7 32. Rd7 Kg6 33. Kh2 Re6 34. g4 Nf6 35. Kg3 Nxd7 0-1

[Event "Aragon-chT Honor Descenso"]
[Site "Aragon"]
[Date "2016.03.19"]
[Round "8.28"]
[White "Felez Casedas, Carlos"]
[Black "Serrat Claver, David"]
[Result "1/2-1/2"]
[WhiteElo "2012"]
[BlackElo "1815"]
[PlyCount "67"]
[EventDate "2016.03.19"]
[EventType "team-tourn"]
[EventRounds "10"]
[EventCountry "ESP"]
[SourceTitle "EXT 2018"]
[Source "ChessBase"]
[SourceDate "2017.10.13"]
[SourceVersion "1"]
[SourceVersionDate "2017.10.13"]
[SourceQuality "1"]
[WhiteTeam "La Aurora Estadilla"]
[BlackTeam "Agrupacion II"]
[WhiteTeamCountry "ESP"]
[BlackTeamCountry "ESP"]

1. e4 e5 2. Nf3 Nc6 3. Bc4 Bc5 4. c3 Nf6 5. d3 h6 6. 0-0 0-0 7. b4 Bd6 8. Nbd2 Ne7 9. Bb3 Ng6 10. Nc4 Qe7 11. Be3 b6 12. Nfd2 c6 13. Nxd6 Qxd6 14. Qc2 Ba6 15. Bc4 Bxc4 16. Nxc4 Qe6 17. f4 exf4 18. Bxf4 Nxf4 19. Rxf4 d5 20. Nd2 Qd6 21. Raf1 Rfe8 22. d4 Nxe4 23. Nxe4 Rxe4 24. Rxe4 dxe4 25. Qxe4 Qe6 26. Qxe6 fxe6 27. Rf3 a5 28. a3 axb4 29. axb4 Ra2 30. h4 Re2 31. Kh2 Re4 32. Kg3 e5 33. dxe5 Rxe5 34. Kf4 1/2-1/2

[Event "Aragon-chT Honor GrA"]
[Site "Aragon"]
[Date "2016.03.05"]
[Round "6.8"]
[White "Serrat Claver, David"]
[Black "Goni Navarro, Pablo"]
[Result "0-1"]
[WhiteElo "1815"]
[BlackElo "2060"]
[PlyCount "84"]
[EventDate "2016.01.30"]
[EventType "team-tourn"]
[EventRounds "7"]
[EventCountry "ESP"]
[SourceTitle "EXT 2018"]
[Source "ChessBase"]
[SourceDate "2017.10.13"]
[SourceVersion "1"]
[SourceVersionDate "2017.10.13"]
[SourceQuality "1"]
[WhiteTeam "Agrupacion II"]
[BlackTeam "St Casablanca"]
[WhiteTeamCountry "ESP"]
[BlackTeamCountry "ESP"]

1. e4 c5 2. d4 cxd4 3. c3 dxc3 4. Nxc3 Nc6 5. Bc4 e6 6. Nf3 a6 7. 0-0 Nge7 8. Bg5 h6 9. Be3 b5 10. Bb3 Bb7 11. Bc5 Rc8 12. Bd6 Na5 13. Ne5 Nxb3 14. axb3 Ng6 15. Nxg6 fxg6 16. Bxf8 Rxf8 17. Qd4 Qe7 18. Rfd1 Kf7 19. Rd3 Rfd8 20. e5 Qc5 21. Qf4+ Kg8 22. Rad1 Rf8 23. Qd4 Qc6 24. f3 Rcd8 25. Ne4 g5 26. Qe3 Ba8 27. Nd6 Qc7 28. Rc3 Bc6 29. Kh1 Qb8 30. Qd3 Rf4 31. Qg6 Rdf8 32. Qh5 g4 33. Rxc6 dxc6 34. Ne4 gxf3 35. Nf6+ R8xf6 36. exf6 fxg2+ 37. Kxg2 Rxf6 38. Qc5 Qf4 39. Qc2 Rf5 40. Rd8+ Kh7 41. Qd3 Qg4+ 42. Kh1 Qf3+ 0-1

[Event "Aragon-chT Honor GrA"]
[Site "Aragon"]
[Date "2016.02.13"]
[Round "3.16"]
[White "Serrat Claver, David"]
[Black "Gomez Zazurca, Rodolfo"]
[Result "1-0"]
[WhiteElo "1815"]
[BlackElo "1656"]
[PlyCount "45"]
[EventDate "2016.01.30"]
[EventType "team-tourn"]
[EventRounds "7"]
[EventCountry "ESP"]
[SourceTitle "EXT 2018"]
[Source "ChessBase"]
[SourceDate "2017.10.13"]
[SourceVersion "1"]
[SourceVersionDate "2017.10.13"]
[SourceQuality "1"]
[WhiteTeam "Agrupacion II"]
[BlackTeam "Huesca Club Atletismo"]
[WhiteTeamCountry "ESP"]
[BlackTeamCountry "ESP"]

1. e4 c5 2. c3 Nf6 3. e5 Nd5 4. d4 cxd4 5. Nf3 e6 6. cxd4 d6 7. Bd3 Nc6 8. 0-0 Be7 9. Nc3 Nxc3 10. bxc3 0-0 11. Qe2 Bd7 12. Qe4 g6 13. Qe3 Re8 14. h4 dxe5 15. dxe5 h5 16. Bxg6 fxg6 17. Qh6 Bxh4 18. Qxg6+ Kh8 19. Qxh5+ Kg8 20. Nxh4 Nxe5 21. Bg5 Re7 22. Bf6 Rh7 23. Qg5+ 1-0

[Event "Aragon-chT Preferente A"]
[Site "Aragon"]
[Date "2014.01.25"]
[Round "1.52"]
[White "Salas Latorre, Jose"]
[Black "Serrat Claver, David"]
[Result "1/2-1/2"]
[WhiteElo "1798"]
[BlackElo "1631"]
[PlyCount "79"]
[EventDate "2014.01.25"]
[EventType "team-tourn"]
[EventRounds "9"]
[EventCountry "ESP"]
[SourceTitle "EXT 2015"]
[Source "ChessBase"]
[SourceDate "2014.11.20"]
[SourceVersion "1"]
[SourceVersionDate "2014.11.20"]
[SourceQuality "1"]
[WhiteTeam "Jaime Casas II"]
[BlackTeam "Agrupacion II"]
[WhiteTeamCountry "ESP"]
[BlackTeamCountry "ESP"]

1. c4 c5 2. Nf3 Nc6 3. Nc3 g6 4. d4 cxd4 5. Nxd4 Bg7 6. Nf3 d6 7. Bg5 Nf6 8. e3 Bf5 9. Bd3 Qd7 10. a3 0-0 11. 0-0 Rfd8 12. Qc2 Bxd3 13. Qxd3 Rac8 14. Rab1 Ne5 15. Nxe5 dxe5 16. Qxd7 Rxd7 17. Rfd1 Rcd8 18. Rxd7 Rxd7 19. Rd1 Kf8 20. Rxd7 Nxd7 21. e4 Nc5 22. Be3 Nd3 23. b3 a6 24. Kf1 f5 25. f3 Nf4 26. g3 Ne6 27. Na4 Ke8 28. Ke2 f4 29. Bb6 fxg3 30. hxg3 Kd7 31. Nc5+ Nxc5 32. Bxc5 e6 33. Be3 Bf8 34. a4 Bb4 35. Kf2 Kc6 36. Kg2 Bc5 37. Bd2 Be7 38. Bc3 Kc5 39. Kf2 Bd6 40. Kg2 1/2-1/2